Baby Names: Top 100 Boys (2010) Quiz Stats

 Plays Quiz Updated Jul 23, 2014

Support Sporcle.
Go Orange.
Score 0/100 Timer 10:00
0 Plays Today
Rank Name % Correct
26John
89.3%
3Michael
84.7%
19James
81.2%
5William
79.5%
15David
76.4%
16Matthew
76.3%
62Thomas
72.3%
54Robert
71.6%
45Jack
71.1%
8Daniel
70.5%
52Jose
70.4%
14Andrew
69.6%
13Christopher
69.5%
1Jacob
67.8%
20Joseph
65.7%
93Alex
65.2%
41Luke
61%
24Samuel
60.4%
22Benjamin
58.9%
63Charles
58.7%
6Alexander
58.6%
23Ryan
58.4%
28Jonathan
58.1%
81Adam
57.5%
11Joshua
57.1%
58Kevin
54.6%
69Jason
54.2%
37Nicholas
54%
27Nathan
54%
10Anthony
53.6%
67Henry
53.3%
61Zachary
51.3%
55Aaron
50.3%
2Ethan
49.7%
Rank Name % Correct
50Justin
49.3%
34Tyler
48.7%
35Lucas
48.4%
95Eric
48.4%
25Jackson
48.1%
44Brandon
45.9%
7Noah
44.7%
30Liam
44.4%
88Oliver
42.5%
72Ian
42.2%
36Evan
42%
46Jordan
41.7%
97Bryan
41.6%
29Christian
40.3%
9Aiden
40%
65Eli
38.9%
39Isaac
38.8%
76Juan
38%
82Nathaniel
37%
31Dylan
36.2%
49Connor
35.8%
92Jesus
35.2%
12Mason
34.3%
98Max
34.1%
33Caleb
32.8%
60Cameron
32.4%
47Owen
31.9%
4Jayden
31.3%
64Austin
31.1%
17Logan
31%
18Elijah
30.4%
90Carlos
29.4%
94Aidan
28.7%
59Hunter
28.4%
Rank Name % Correct
21Gabriel
28.2%
43Isaiah
27.8%
48Carter
27.3%
51Jeremiah
26.7%
71Xavier
26.6%
89Cole
25.8%
66Chase
24.6%
91Jaden
24.1%
87Blake
23.9%
40Brayden
23.8%
53Julian
23.5%
96Hayden
22.9%
38Gavin
22%
32Landon
20.7%
80Carson
20.3%
57Wyatt
20.3%
75Cooper
20.2%
85Parker
20%
56Adrian
19.8%
74Dominic
18.5%
68Sebastian
18.3%
42Angel
17.6%
99Jaxon
17.6%
79Luis
17.5%
84Tristan
17.5%
70Levi
17.1%
73Colton
16.8%
78Ayden
16.3%
77Josiah
16%
83Brody
15.6%
100Bentley
15.5%
86Diego
13.7%

You're not logged in!

Compare scores with friends on all Sporcle quizzes.
OR
Log In

From the Vault

Blitz: Is It in Ireland?

by beforever

If you can imagine a leprechaun saying these places, odds are they're in Ireland.
Remove Ads.
Support Sporcle.
Get the best of Sporcle when you Go Orange. This ad-free experience offers more features, more stats, and more fun while also helping to support Sporcle. Thank you for becoming a member.

Show Comments

Extras

Top Quizzes Today


Score Distribution

Your Account Isn't Verified!

In order to create a playlist on Sporcle, you need to verify the email address you used during registration. Go to your Sporcle Settings to finish the process.

Report this User

Report this user for behavior that violates our Community Guidelines.

Details: